| 000 | 00796cac a22002415a 4500 | ||
|---|---|---|---|
| 005 | 20180130123127.0 | ||
| 008 | 130919t2004 ilu fr 000 0 eng d | ||
| 020 | _a0071411526 | ||
| 020 | _a9780071411523 | ||
| 040 |
_aEG-ScBUE _beng _cEG-ScBUE _dEG-ScBUE |
||
| 082 | 0 | 4 |
_a615.102373 _bGAB _222 |
| 100 | 1 |
_aGable, Fred B. _910124 |
|
| 245 | 1 | 0 |
_aOpportunities in pharmacy careers / _cFred B. Gable. |
| 250 | _bRevised ed. | ||
| 260 |
_aChicago : _bVGM Career Books, _cc.2004. |
||
| 300 |
_axiv, 175 p. ; _c19 cm. |
||
| 490 | 0 | _aVGM's opportunities series | |
| 650 | 7 |
_aPharmacy _xVocational guidance. _933688 _2BUEsh |
|
| 650 | 7 |
_aPharmacy _xVocational guidance _zUnited States. _910126 _2BUEsh |
|
| 651 | _2BUEsh | ||
| 653 |
_bGGEN _bPPhrm _cDecember2013 _cJanuary2018 |
||
| 942 | _2ddc | ||
| 999 |
_c1695 _d1694 |
||